<?xml version="1.0" encoding="UTF-8"?>
<record
    xmlns:xsi="http://www.w3.org/2001/XMLSchema-instance"
    xsi:schemaLocation="http://www.loc.gov/MARC21/slim http://www.loc.gov/standards/marcxml/schema/MARC21slim.xsd"
    xmlns="http://www.loc.gov/MARC21/slim">

  <leader>01566nam a2200289 i 4500</leader>
  <controlfield tag="003">CSPC</controlfield>
  <controlfield tag="005">20241008165046.0</controlfield>
  <controlfield tag="008">241008s2021    -uka          001 0 eng d</controlfield>
  <datafield tag="020" ind1=" " ind2=" ">
    <subfield code="a">9781801075572</subfield>
  </datafield>
  <datafield tag="040" ind1=" " ind2=" ">
    <subfield code="c">CSPC</subfield>
    <subfield code="a">CSPC</subfield>
    <subfield code="b">eng</subfield>
    <subfield code="e">rda</subfield>
  </datafield>
  <datafield tag="050" ind1=" " ind2="4">
    <subfield code="a">TJ211</subfield>
  </datafield>
  <datafield tag="082" ind1="0" ind2="4">
    <subfield code="a">629.8920228</subfield>
    <subfield code="b">Sh136b</subfield>
  </datafield>
  <datafield tag="100" ind1="1" ind2=" ">
    <subfield code="a">Shah, Ashwin, </subfield>
    <subfield code="e">author.</subfield>
  </datafield>
  <datafield tag="245" ind1="1" ind2="0">
    <subfield code="a">Build and code creative robots with LEGO BOOST :</subfield>
    <subfield code="b">unleash your creativity and imagination by building exciting robotics projects / </subfield>
    <subfield code="c">Ashwin Shah. </subfield>
  </datafield>
  <datafield tag="264" ind1="3" ind2="1">
    <subfield code="a">Birmingham, UK : </subfield>
    <subfield code="b">Packt Publishing Ltd., </subfield>
    <subfield code="c">2021.</subfield>
  </datafield>
  <datafield tag="300" ind1=" " ind2=" ">
    <subfield code="a">xviii, 409 pages : </subfield>
    <subfield code="b">illustrations ; </subfield>
    <subfield code="c">24 cm. </subfield>
  </datafield>
  <datafield tag="336" ind1=" " ind2=" ">
    <subfield code="a">text</subfield>
    <subfield code="2">rdacontent</subfield>
  </datafield>
  <datafield tag="337" ind1=" " ind2=" ">
    <subfield code="a">unmediated</subfield>
    <subfield code="2">rdamedia</subfield>
  </datafield>
  <datafield tag="338" ind1=" " ind2=" ">
    <subfield code="a">volume</subfield>
    <subfield code="2">rdacarrier</subfield>
  </datafield>
  <datafield tag="500" ind1=" " ind2=" ">
    <subfield code="a">Includes index.</subfield>
  </datafield>
  <datafield tag="505" ind1="0" ind2=" ">
    <subfield code="a">Introduction to the LEGO BOOST kit -- Building your first BOOST robot - tabletop fan -- Moving forward/backward without wheels -- LEGO BOOST rover -- Getting into gear - my first geared robot -- Building a forklift -- Building a helicopter -- Building R2-D2 -- Building an automatic entrance door -- Building a candy dispenser robot -- Building a color-sorter conveyor belt -- Building a BOOST racing car -- Final challenge -- The grabbing robot -- Obstacle avoidance robot -- The BOOST humanoid -- The moon rover.</subfield>
  </datafield>
  <datafield tag="650" ind1=" " ind2="0">
    <subfield code="a">Robots</subfield>
    <subfield code="v">Programming</subfield>
    <subfield code="x">Popular works.</subfield>
  </datafield>
  <datafield tag="650" ind1=" " ind2="0">
    <subfield code="a">Coding theory</subfield>
    <subfield code="x">Popular works.</subfield>
  </datafield>
  <datafield tag="650" ind1=" " ind2="0">
    <subfield code="a">LEGO toys.</subfield>
  </datafield>
  <datafield tag="942" ind1=" " ind2=" ">
    <subfield code="2">ddc</subfield>
    <subfield code="n">0</subfield>
    <subfield code="c">BK</subfield>
    <subfield code="h">629.8920228</subfield>
    <subfield code="i">Sh136b</subfield>
    <subfield code="k">GRD</subfield>
    <subfield code="m">2021</subfield>
  </datafield>
  <datafield tag="952" ind1=" " ind2=" ">
    <subfield code="0">0</subfield>
    <subfield code="1">0</subfield>
    <subfield code="2">ddc</subfield>
    <subfield code="4">0</subfield>
    <subfield code="7">0</subfield>
    <subfield code="a">CSPC</subfield>
    <subfield code="b">CSPC</subfield>
    <subfield code="c">GNR</subfield>
    <subfield code="d">2024-10-08</subfield>
    <subfield code="l">0</subfield>
    <subfield code="o">GRD 629.8920228 Sh136b 2021</subfield>
    <subfield code="p">028379</subfield>
    <subfield code="r">2024-10-08 15:00:35</subfield>
    <subfield code="t">1-1</subfield>
    <subfield code="w">2024-10-08</subfield>
    <subfield code="y">BK</subfield>
  </datafield>
  <datafield tag="999" ind1=" " ind2=" ">
    <subfield code="c">28348</subfield>
    <subfield code="d">28348</subfield>
  </datafield>
</record>
